000 00333nam a22001457a 4500
003 SGT
020 _a978-81-322-2909-4
082 _a610
_bWAT
100 _aWATTAL, CHAND
245 _aHOSPITAL INFECTION PREVENTION
260 _aINDIA
_bSPRINGER PUB.
_c2014
300 _a177
650 _aHOSPITAL INFECTION
942 _2ddc
_cBK
999 _c33087
_d33087